Firefly Quotes by Character Quiz Stats

Quiz Updated Oct 5, 2012

Also try: Firefly Episodes
Challenge
Share
Tweet
Embed
Score 0/20 Timer 04:00
0 Plays Today
Quote Character % Correct
'Also...I can kill you with my brain.'River Tam
96.5%
'Yes, I've read a poem. Try not to faint. 'Malcolm Reynolds
92.6%
'I'll be in my bunk.'Jayne Cobb
92.5%
'Ah, curse your sudden but inevitable betrayal.'Hoban Washburne
89.9%
'If you take sexual advantage of her, you're going to burn in a very special level of hell. A level they reserve for child molesters and people who talk at the theater.' Shepherd Book
87.9%
'Big damn heroes, sir.' Zoe Washburne
87.6%
'I aim to misbehave.'Malcolm Reynolds
86.3%
'That's why I never kiss 'em on the mouth.'Jayne Cobb
85%
'I swear by my pretty floral bonnet, I will end you.'Malcolm Reynolds
83.7%
'Yessir, Captain Tight Pants.' Kaylee Frye
83.2%
Quote Character % Correct
'This must be what going mad feels like.'Simon Tam
82.6%
'Hey, I've been in a firefight before! Well, I was in a fire. Actually, I was fired from a fry-cook opportunity.' Hoban Washburne
82.2%
'Dear diary: Today I was pompous and my sister was crazy. Today we were kidnapped by hill folk, never to be seen again. It was the best day ever.'Jayne Cobb
81.6%
'My food is problematic.'River Tam
81.5%
'Someone ever tries to kill you, you try to kill 'em right back!'Malcolm Reynolds
81.5%
'And we coulda...goin' on a year now and I ain't had nothin' twixt my nethers weren't run on batteries!'Kaylee Frye
80.6%
'We will rule over all this land, and we will call it... This Land.'Hoban Washburne
80%
'Quite specific. It is, however, somewhat fuzzier on the subject of kneecaps.'Shepherd Book
78.4%
'Everything's shiny, Cap'n. Not to fret.'Kaylee Frye
73%
'It sounds like something this crew can handle. I can't guarantee they'll handle it particularly well, but...'Inara Serra
67.8%

You're not logged in!

Compare scores with friends on all Sporcle quizzes.
Sign Up with Email
OR
Log In

You Might Also Like...

Show Comments

Extras

Top Quizzes Today


Score Distribution

Your Account Isn't Verified!

In order to create a playlist on Sporcle, you need to verify the email address you used during registration. Go to your Sporcle Settings to finish the process.

Report this User

Report this user for behavior that violates our Community Guidelines.

Details: